Представление документа в формате RUSMARC

ПолеНазваниеЗначение
  Тип записи a
  Библиографический уровень m
001 Контрольный номер RU/CBS_UL/BASE/071a6afc62064e91b2c16c2553b61b14
005 Дата корректировки 20251001155555.6
010 Индекс ISBN __
a ISBN 978-5-04-155802-4
b Уточнения в пер.
d Цена 377 р. 25 к.
9 Тираж 4 000 экз.
100 Данные общей обработки __
a Данные общей обработки 20150527d2015 ||| 0rusy0189 ca
101 Язык документа 0_
a Язык текста rus
102 Страна публикации __
a Страна публикации RU
105 Кодированные данные (монография) __
a Кодированные данные (монография) y###||||000|y
181 Поле кодированных данных: вид содержания _1
a Код вида содержания (ISBD) i#
b Код характеристики содержания (ISBD) #xxe##
d i
g x
h x
i e
182 Поле кодированных данных: тип средства _1
a Код типа средства (ISBD) n
2 Код системы (источник кода, отличный от ISBD) isbdmedia
200 Заглавие и сведения об ответственности 1_
a Заглавие Щенок Коко, или Загадка с одной таксой
g Последующие сведения об ответственности пер. с англ. Т. Покидаевой
f Первые сведения об ответственности Х. Вебб
210 Выходные данные 1_
a Место издания Москва
c Издательство ЭКСМО
d Дата издания 2025
215 Физическое описание __
a Объем 74 с.
c Иллюстрации/тип воспроизводства ил.
d Формат 20,5 см.
225 Серия 0_
a Серия Добрые истории о зверятах
300 Общие примечания __
a Общие примечания Указ. изд-во Эксмодетство
300 Общие примечания __
a Общие примечания 0+
606 Тематические рубрики 1_
a Основная рубрика Английская детская литература, 21 в. - Проза
610 Ключевые слова 0_
a Ключевые слова литература английская
a Ключевые слова бестселлеры
a Ключевые слова домашние животные
a Ключевые слова истории о животных
a Ключевые слова дружба; приключения невероятные; путешествия
a Ключевые слова собаки
a Ключевые слова таксы
686 Индексы других классификаций __
a Классификационный индекс 84(4Вел)
2 Код системы ББК
700 Автор _1
a Фамилия Вебб
b Имя (инициалы) Х.
g Полное личное имя Холли
852 Данные о местонахождении __
i Авторский знак В 26
j Шифр хранения И(Англ)
900 Электронные ресурсы __
a Имя электронного ресурса коко
901 Тип документа __
t Тип документа m
910 Корректоры записи __
a Корректор записи Даудова